Bates' guide to physical examination and history taking. (Record no. 9285)

MARC details
000 -LEADER
fixed length control field 01479cam a22003614a 4500
001 - CONTROL NUMBER
control field 15360705
003 - CONTROL NUMBER IDENTIFIER
control field OSt
005 - DATE AND TIME OF LATEST TRANSACTION
control field 20221018161723.0
008 - FIXED-LENGTH DATA ELEMENTS--GENERAL INFORMATION
fixed length control field 080709s2009 paua b 001 0 eng
010 ## - LIBRARY OF CONGRESS CONTROL NUMBER
LC control number 2005023366
020 ## - INTERNATIONAL STANDARD BOOK NUMBER
International Standard Book Number 9780781785198 (alk. paper)
020 ## - INTERNATIONAL STANDARD BOOK NUMBER
International Standard Book Number 0781785197
040 ## - CATALOGING SOURCE
Original cataloging agency DNLM/DLC
Transcribing agency LC
Modifying agency NLM
-- BTCTA
-- BAKER
-- YDXCP
-- C#P
-- CDX
-- DLC
042 ## - AUTHENTICATION CODE
Authentication code pcc
050 00 - LIBRARY OF CONGRESS CALL NUMBER
Classification number RC76.B38
082 00 - DEWEY DECIMAL CLASSIFICATION NUMBER
Classification number 616.07/54
Edition number 22
100 1# - MAIN ENTRY--PERSONAL NAME
Personal name Bickley, Lynn S.
9 (RLIN) 642
245 10 - TITLE STATEMENT
Title Bates' guide to physical examination and history taking.
Statement of responsibility, etc. Lynn S. Bickley, Peter G. Szilagyi.
250 ## - EDITION STATEMENT
Edition statement 9th ed. /
260 ## - PUBLICATION, DISTRIBUTION, ETC.
Place of publication, distribution, etc. Philadelphia:
Name of publisher, distributor, etc. Lippincott Williams & Wilkins,
Date of publication, distribution, etc. 2007.
300 ## - PHYSICAL DESCRIPTION
Extent xxv, 902 p. :
Other physical details ill. (chiefly col.) ;
Dimensions 29 cm. +
Accompanying material 1 CD-ROM (4 3/4 in.)
504 ## - BIBLIOGRAPHY, ETC. NOTE
Bibliography, etc. note Includes bibliographical references and index.
650 #0 - SUBJECT ADDED ENTRY--TOPICAL TERM
Topical term or geographic name entry element Physical diagnosis.
9 (RLIN) 402
650 #0 - SUBJECT ADDED ENTRY--TOPICAL TERM
Topical term or geographic name entry element Medical history taking.
9 (RLIN) 401
650 12 - SUBJECT ADDED ENTRY--TOPICAL TERM
Topical term or geographic name entry element Physical Examination
General subdivision methods.
9 (RLIN) 643
650 22 - SUBJECT ADDED ENTRY--TOPICAL TERM
Topical term or geographic name entry element Medical History Taking
General subdivision methods.
9 (RLIN) 644
700 1# - ADDED ENTRY--PERSONAL NAME
Personal name Szilagyi, Peter G.
9 (RLIN) 645
700 1# - ADDED ENTRY--PERSONAL NAME
Personal name Bates, Barbara,
9 (RLIN) 646
856 41 - ELECTRONIC LOCATION AND ACCESS
Materials specified Table of contents only
Uniform Resource Identifier <a href="http://www.loc.gov/catdir/toc/ecip0823/2008030391.html">http://www.loc.gov/catdir/toc/ecip0823/2008030391.html</a>
906 ## - LOCAL DATA ELEMENT F, LDF (RLIN)
a 7
b cbc
c orignew
d 1
e ecip
f 20
g y-gencatlg
942 ## - ADDED ENTRY ELEMENTS (KOHA)
Source of classification or shelving scheme Library of Congress Classification
Koha item type Books
Holdings
Withdrawn status Lost status Source of classification or shelving scheme Damaged status Not for loan Home library Current library Shelving location Date acquired Total Checkouts Full call number Barcode Date last seen Price effective from Koha item type
    Library of Congress Classification     WISCONSIN INTERNATIONAL UNIVERSITY COLLEGE, GHANA KUMASI LIBRARY WISCONSIN INTERNATIONAL UNIVERSITY COLLEGE, GHANA KUMASI LIBRARY nursing 05/12/2019   RC76.B38(9e) KSN/995/995/19 18/10/2022 18/10/2022 Books

If you have any concerns or questions; kindly contact the library


© Powered by WIUC ICT DIRECTORATE